| 000 | 00516nam a2200181Ia 4500 | ||
|---|---|---|---|
| 008 | 240729s9999 xx 000 0 und d | ||
| 022 | _a1758-5996 | ||
| 245 | 0 | _aDiabetology & Metabolic Syndrome | |
| 260 | _aUnited Kingdom | ||
| 260 | _bBMC | ||
| 650 | _a Internal medicine | ||
| 650 | _a Nutritional diseases. Deficiency diseases | ||
| 650 | _a Specialties of internal medicine | ||
| 650 | _aMedicine | ||
| 856 | _uhttps://doaj.org/toc/cd818dd21bec433a9c1b84cc12f8c1e4 | ||
| 942 | _2ddc | ||
| 942 | _cDOAJEJ | ||
| 999 |
_c74071 _d74071 |
||
| 945 |
_a1 _bMadushi Gamage _c1 _dMadushi Gamage |
||